000 09661nam a22003377a 4500
003 NALT
005 20260216091201.0
006 a|||p|r|||| 00| 0
007 ta
008 260213b th |||p| |||| 00| 0 tha d
040 _aNALT
041 _atha
245 0 0 _aรัฐสภาสาร ปีที่ 5 ฉบับที่ 9-16 (กุมภาพันธ์-มีนาคม 2500).
260 _aสำนักงานอำนวยการ สำนักงานเลขาธิการสภาผู้แทนราษฎร
310 _aรายสัปดาห์
500 _aวารสารเย็บเล่ม
505 2 _aปีที่ 5 ฉบับที่ 9 7 ก.พ. 2500 -- พระราชบัญญัติแรงงาน -- การคุ้มครองลูกจ้าง -- การพัฒนาการเกษตรกรรม -- สถานทูตไทยในต่างประเทศ -- รายชื่อผู้สมัครเลือกตั้งสมาชิกสภาผู้แทนราษฎรจังหวัดต่าง ๆ ปี 2500 -- การจดทะเบียนพรรคปราบคอรัปชั่น -- การจดทะเบียนก่อตั้งสหภาพแรงงาน -- เงินทุนประชาเศรษฐกิจสงเคราะห์.
505 2 _aปีที่ 5 ฉบับที่ 10 14 ก.พ. 2500 -- ความรู้เบื้องต้นเกี่ยวกับประชาธิปไตย -- นิทานเปรียบเทียบประชาธิปไตย -- นิทานบิดาสนทนากับบุตร -- การเลือกตั้ง -- จงเป็นนักเรียนเสียสละกันเถิด -- พระพุทธศาสนา -- พระราชบัญญัติล้างมลทินในโอกาสครบ 25 พุทธศตวรรษ พ.ศ. 2499 -- พระราชบัญญัตินิรโทษกรรมในโอกาสครบ 25 พุทธศตวรรษ พ.ศ. 2499 -- นายกรัฐมนตรีให้สัมภาษณ์หนังสือพิมพ์ -- การค้ากับจีนแดง -- รัฐพิธีเปิดเขื่อนเจ้าพระยาจังหวัดชัยนาท.
505 2 _aปีที่ 5 ฉบับที่ 11 21 ก.พ. 2500 -- พระราชบัญญัติแรงงาน พ.ศ. 2499 -- การคุ้มครองแรงงาน -- การคุ้มครองลูกจ้าง -- การเลือกตั้งในสหรัฐอเมริกา -- พรรคการเมืองในสหรัฐอเมริกา -- การรณรงค์หาเสียง -- การลงคะแนนเสียง -- กระทู้ถาม --สหกรณ์ยางแผ่น -- การสงวนพันธุ์ปลา -- พระราชบัญญัติเหรียญงานฉลอง 25 พุทธศตวรรษ พ.ศ. 2499 -- จำนวนผู้สมัครรับเลือกตั้งเป็นสมาชิกสภาผู้แทนราษฎร -- อธิบดีกรมมหาดไทยชี้แจงการป้องกันการทุจริตในการเลือกตั้ง.
505 2 _aปีที่ 5 ฉบับที่ 12 28 ก.พ. 2500 -- ความรู้เบื้องต้นเกี่ยวกับประชาธิปไตย -- นิทานเปรียบเทียบประชาธิปไตย -- นิทานบิดาสนทนากับบุตร -- การเลือกตั้ง -- การเลือกตั้งในสหรัฐอเมริกา -- สตรีกับการเลือกตั้งของสหรัฐอเมริกา -- การกรรมกรในการเมืองของสหรัฐอเมริกา -- กสิกรกับการเลือกตั้งของสหรัฐอเมริกา -- กระทู้ถาม -- การช่วยเหลือการค้าสัตว์ -- รายชื่อสมาชิกสภาผู้แทนราษฎรจังหวัดต่าง ๆ ปี 2500.
505 2 _aปีที่ 5 ฉบับที่ 13 7 มี.ค. 2500 -- พระราชบัญญัติแรงงาน พ.ศ. 2499 -- พระราชกฤษฎีกากำหนดประเภทและขนาดพาณิชยกรรมอุตสาหกรรมหรือธุรกิจ ซึ่งอยู่ในบังคับลักษณะ 1 แห่งพระราชบัญญัติแรงงาน พ.ศ. 2499 พศ. 2500 -- พระราชกฤษฎีกากำหนดประเภทงานตามมาตรา 13 วรรคสอง แห่งพระราชบัญญัติแรงงาน พ.ศ. 2499 พ.ศ. 2500 -- พระราชกฤษฎีกากำหนดกิจการอื่นตามมาตรา 120 แห่งพระราชบัญญัติแรงงาน พ.ศ. 2499 พ.ศ. 2500 -- พระราชกฤษฎีกาพระราชทานอภัยโทษ พ.ศ. 2500 -- รายชื่อสมาชิกสภาผู้แทนราษฎรจังหวัดต่าง ๆ ปี 2500 -- ผู้บัญชาการฝ่ายทหารให้สัมภาษณ์หนังสือพิมพ์.
505 2 _aปีที่ 5 ฉบับที่ 14 14 มี.ค. 2500 -- ความรู้เบื้องต้นเกี่ยวกับประชาธิปไตย -- นิทานเปรียบเทียบประชาธิปไตย -- นิทานบิดาสนทนากับบุตร -- การเลือกตั้ง -- การพัฒนาเศรษฐกิจ -- พระราชกฤษฎีกากำหนดหลักเกณฑ์และวิธีการจ่ายเงินค่าทดแทนตลอดจนจำนวนเงินค่าทดแทนตามมาตรา 38 วรรคสอง แห่งพระราชบัญญัติแรงงาน พ.ศ. 2499 พ.ศ. 2500 -- นายกรัฐมนตรีให้สัมภาษณ์หนังสือพิมพ์ -- การแถลงชี้แจงข่าว ณ กองบัญชาการฝ่ายทหาร -- หมายกำหนดการรัฐพิธีเปิดประชุมสภาผู้แทนราษฎร พุทธศักราช 2500 -- จำนวนที่นั่งของสมาชิกสภาผู้แทนราษฎรประเภทที่ 1 แยกเป็นพรรคการเมือง.
505 2 _aปีที่ 5 ฉบับที่ 15 21 มี.ค. 2500 -- พระราชบัญญัติแรงงาน พ.ศ. 2499 -- การหยุดงานของลูกจ้าง -- ธรรมกับอธรรม -- พระราชบัญญัติเครื่องแบบสมาชิกสภาผู้แทนราษฎร พ.ศ. 2499 -- จอมพลสฤษดิ์ ธนะรัชต์ ผู้บัญชาการทหารบกให้สัมภาษณ์หนังสือพิมพ์ -- รัฐมนตรีว่าการและช่วยว่าการกระทรวงการต่างประเทศให้สัมภาษณ์หนังสือพิมพ์ -- สมาชิกองค์การกุศลฌาปนกิจของสภาผู้แทนราษฎรถึงแก่กรรม -- สงวน ศิริสว่าง.
505 2 _aปีที่ 5 ฉบับที่ 16 28 มี.ค. 2500 -- ความรู้เบื้องต้นเกี่ยวกับประชาธิปไตย -- นิทานเปรียบเทียบประชาธิปไตย -- นิทานบิดาสนทนากับบุตร -- การเลือกตั้ง -- การสลายตัวของลัทธิ LAISSEZ-FAIRE -- ข้อบังคับว่าด้วยการอนุญาตให้ผู้แทนหนังสือพิมพ์และประชาชนเข้าฟังการประชุมและการปรึกษาของสภาผู้แทนราษฎร -- ประกาศตั้งนายกรัฐมนตรี -- การขอรับเบี้ยหวัดบำเหน็จบำนาญ.
650 0 _aรัฐสภา
_zไทย
_944407
650 0 _aการเมือง
_950904
850 _aNALT
866 _aรัฐสภาสาร ปีที่ 5 ฉบับที่ 9-16 (กุมภาพันธ์-มีนาคม 2500)
942 _cBOUND
_2lcc
996 _ajintana.i
_bSERSTF
_c2026-02-13
999 _c107790
_d107790
998 _j755
_k นางจินตนา เอี่ยมคง